Positive psychology: theory, research and application

Gespeichert in:
Bibliographische Detailangaben
1. Verfasser: BONIWELL, Ilona TUNARIU, Aneta D.
Format: Buch
Sprache:Englisch
Veröffentlicht: Open University Press 2019
Tags: Tag hinzufügen
Keine Tags, Fügen Sie den ersten Tag hinzu!

MARC

LEADER 00000nam a22000007a 4500
008 210810b ||||| |||| 00| 0 eng d
020 |a 970335262182 
100 |a BONIWELL, Ilona  |a TUNARIU, Aneta D. 
245 |a Positive psychology: theory, research and application  |c Ilona Boniwell and Aneta D. Tunariu  |g xiv, 313p.:ill. 
260 |b Open University Press  |c 2019  |h London  |i 696758  |i 696759  |l BF204.6.B64  |m Positive psychology 
500 |a It include index and references 
942 |a lcc  |c BK  |e Kuteyi M. A.  |f 10/8/21 
952 |0 0  |1 0  |2 lcc  |4 0  |6 BF02046 B64  |7 0  |9 2966  |a HOL  |b HOL  |c AF  |d 2021-08-10  |l 0  |o BF204.6.B64  |p 2021-66642  |r 2021-08-10 00:00:00  |w 2021-08-10  |y BK 
952 |0 0  |1 0  |2 lcc  |4 0  |6 BF02046 B64  |7 0  |9 2967  |a HOL  |b SSL  |c AF  |d 2021-08-10  |l 0  |o BF204.6.B64  |p 2021-66643  |r 2021-08-10 00:00:00  |w 2021-08-10  |y BK 
999 |c 1502  |d 1502